Diagnostic de l'evolution economique du Tiers-monde 1900-1968.

Saved in:
Bibliographic Details
Main Author: Bairoch, Paul
Format: Book
Language:English
Published: Paris : Gauthier-Villars, 1969.
Edition:3. ed. rev. et augm.
Series:Collection Techniques economiques modernes. Serie Histoire et pensee economiques ; 23, no. 2
Subjects:
LEADER 00900nam a2200229 i 4500
001 c000026025
003 CARM
005 00000000000000.0
008 840904s1969 fr 0 eng d
019 1 |a 9248608  |5 LACONCORD2021 
035 |a (OCoLC)23408859  |5 LACONCORD2021 
100 1 |a Bairoch, Paul. 
245 1 0 |a Diagnostic de l'evolution economique du Tiers-monde 1900-1968. 
250 |a 3. ed. rev. et augm. 
260 |a Paris :  |b Gauthier-Villars,  |c 1969. 
300 |a 259 p. 
490 0 |a Collection Techniques economiques modernes. Serie Histoire et pensee economiques ;  |v 23, no. 2 
500 |a Bibliography: p.233-236. 
650 0 |a Economic development. 
852 8 |b CARM  |h A2:AF32D0  |i B01671  |p 0078636  |f BK 
999 f f |i afdbf766-1484-5210-86d8-313a25b99f26  |s f4820224-da1d-5f12-bc18-e8d9e3efda0b 
952 f f |p Can circulate  |a CAVAL  |b CAVAL  |c CAVAL  |d CARM 1 Store  |e B01671  |f A2:AF32D0  |h Other scheme  |i book  |m 0078636